Señalización y señalética en un entorno hotelero /

Gardado en:
Detalles Bibliográficos
Autor Principal: Navarro Ruiz, Marisol (autor)
Outros autores: Ruvalcaba Oceguera, Adriana (autor) (autor)
Formato: Tesis Libro
Idioma:Lingua castelá
Temas:
Etiquetas: Engadir etiqueta
Sen Etiquetas, Sexa o primeiro en etiquetar este rexistro!

MARC

LEADER 00000nam^a2200000^a^4500
001 000151458
005 20250521000000.0
009 20260310100211.066
037 |a Acervo ITESO - Biblioteca 
041 |a ESP 
090 |a DIS. 46 
100 |a Navarro Ruiz, Marisol  |e (autor) 
245 1 0 |a Señalización y señalética en un entorno hotelero /  |c M. Navarro Ruiz, A. Ruvalcaba Oceguera. 
264 |a Guadalajara, México :  |b edición de autor,  |c 2003 
300 |a 1 disco compacto de computadora 
336 |a datos para computadora  |b cod  |2 rdacontenido 
337 |a computadora  |b c  |2 rdamedio 
338 |a disco de computadora  |b cd  |2 rdasoporte 
502 |a ITESO Tesis de Licenciatura en Diseño 
649 |a XX 
650 |a Hoteles -  |z Cancún, Quintana Roo 
650 |a Hoteles -  |z Quintana Roo 
650 |a Hoteles -  |z México 
650 |a Código 
650 |a Mensaje 
650 |a Simbolismo 
650 |a Señalización de Interiores 
650 |a Recepción y Apropiación de la Comunicación 
650 |a Proceso de Comunicación 
650 |a Semiótica 
650 |a Diseño Gráfico 
650 |a Comunicación Visual 
700 |a Ruvalcaba Oceguera, Adriana  |e (autor) 
910 |a Fondo General 
920 |a Electrónicos - Tesis del ITESO en Disco 
905 |a 202 
901 |a 0500258651  |b IT2  |c STS  |u 20250521 
902 |a https://opac.biblio.iteso.mx/vufind/Record/000151458